Guess The American Brands! #34 - Statistics

General Stats
  • This quiz has been taken 17 times
  • The average score is 9 of 24
Answer Stats
Picture Answer % Correct
Hannah Montana
73%
Dewalt
64%
No Parking
55%
Stanley
55%
Westinghouse
55%
Men's Health
45%
Powerbar
45%
Snuggle
45%
Compact Disc
36%
Flipboard
36%
Jackass
36%
Lifetime
36%
Qwest
36%
RKO
36%
Valvoline
36%
Adio
27%
Amway
27%
Berkeley
27%
Nixon
27%
Rockstar
27%
The Sims
27%
Gold Bold
18%
Hollister
18%
Hurley
18%
No matching quizzes found
Score Distribution
Percent of People with Each Score
Percentile by Number Answered
Your Score History
You have not taken this quiz